ბათუმის შოთა რუსთაველის სახელმწიფო უნივერსიტეტის ბიბლიოთეკა

Strategic management for tourism, hospitality and events / (ბიბ.ჩანაწერი № 57756)

000 -LEADER
fixed length control field 00722cam a22002298i 4500
001 - CONTROL NUMBER
control field 20898453
005 - DATE AND TIME OF LATEST TRANSACTION
control field 20221107104553.0
008 - FIXED-LENGTH DATA ELEMENTS--GENERAL INFORMATION
fixed length control field 190321s2020 nyu b 001 0 eng
020 ## - INTERNATIONAL STANDARD BOOK NUMBER
International Standard Book Number 9781138345942x
080 ## - UNIVERSAL DECIMAL CLASSIFICATION NUMBER
Universal Decimal Classification number 338.48+796.5 E-93
100 1# - MAIN ENTRY--PERSONAL NAME
Personal name Evans, Nigel,
Dates associated with a name 1955-
Relator term author.
9 (RLIN) 9688
245 10 - TITLE STATEMENT
Title Strategic management for tourism, hospitality and events /
Statement of responsibility, etc. Nigel Evans.
250 ## - EDITION STATEMENT
Edition statement Third Edition.
264 #4 - PRODUCTION, PUBLICATION, DISTRIBUTION, MANUFACTURE, AND COPYRIGHT NOTICE
Date of production, publication, distribution, manufacture, or copyright notice New York :
Place of production, publication, distribution, manufacture Routledge,
Name of producer, publisher, distributor, manufacturer 2020.
300 ## - PHYSICAL DESCRIPTION
Extent 787 p.
Other physical details 25 cm.
650 #0 - SUBJECT ADDED ENTRY--TOPICAL TERM
Topical term or geographic name entry element Tourism
General subdivision Management.
9 (RLIN) 8886
650 #0 - SUBJECT ADDED ENTRY--TOPICAL TERM
Topical term or geographic name entry element Hospitality industry
General subdivision Management.
9 (RLIN) 9689
650 #0 - SUBJECT ADDED ENTRY--TOPICAL TERM
Topical term or geographic name entry element Strategic planning.
9 (RLIN) 9690
653 ## - INDEX TERM--UNCONTROLLED
keyword მენეჯმენტი
653 ## - INDEX TERM--UNCONTROLLED
keyword ტურიზმი
942 ## - ADDED ENTRY ELEMENTS (KOHA)
Source of classification or shelving scheme
Koha item type წიგნი
ეგზემპლარები
Withdrawn status Lost status Source of classification or shelving scheme Damaged status Not for loan Permanent Location Current Location Shelving location Date acquired Cost, normal purchase price Full call number Barcode Date last seen Copy number Price effective from Koha item type Public note
          ბათუმის შოთა რუსთაველის სახელმწიფო უნივერსიტეტის მთავარი ბიბლიოთეკა ბათუმის შოთა რუსთაველის სახელმწიფო უნივერსიტეტის მთავარი ბიბლიოთეკა წიგნსაცავი 2020-11-02 181.00 338.48+796.5 E-93 61101 2020-11-02 61101 2020-11-02 წიგნი 181 ლ.